000 00818nam a2200253Ia 4500
003 OSt
005 20220927103841.0
006 a|||||r|||| 00| 0
007 ta
008 220926b |||||||| |||| 00| 0 eng d
024 _a97636
037 _cReference Collections
040 _aRTL
_cRTL
_beng
041 _2eng
_aeng
082 _a"X9(J):76.7913.N75, M0/UN"
100 _aReca Lucio G
_9362012
245 0 _aArgentina
_b Country case study of agricultural pririces and subsidies
260 _aWashington
_bWorld Bank USA
_c1980
300 _a72p.
_ccm.
490 _aWorld Bank Staff Working Paper . 386
650 _aAgriculture Industry - Prices
_9362013
942 _h"X9(J):76.7913.N75, M0/UN"
_cCC
999 _c685051
_d685051